00365pam a2200133 a 4500020001700000020001500017082001200032100002600044245004000070250001200110260005900122300002600181650002400207 a053408124X : a017007492700a547 BRO1 aBrown, William Henry,10aIntroduction to organic chemistry / a4th ed. aPacific Grove, Calif. :bBrooks/Cole Pub. Co.,cc1988. axvi, 536 p. :bill. ; 0aChemistry, Organic.